000 00247nam a2200109Ia 4500
008 220204s9999 xx 000 0 und d
082 _a82-3
_bCAR
100 _aCarter, Nick
245 4 _aThe Turncoat
260 _aLondon
_bAllen
_c1976
942 _cBK
999 _c30786
_d30786